| 000 | 005370000a22001810004500 | ||
|---|---|---|---|
| 003 | MACL | ||
| 005 | 20160303134433.0 | ||
| 008 | 160303b xxu||||| |||| 00| 0 eng d | ||
| 040 |
_aMACL _cMACL |
||
| 041 | _aHindi | ||
| 082 | _a891.431 | ||
| 100 |
_aकैलाश चन्द्र मिश्र _942414 |
||
| 245 | _aनव चेतना | ||
| 260 |
_bराष्ट्रीय प्रकाशन मंदिर _c1976 _aभोपाल |
||
| 350 | _a6 | ||
| 650 |
_aPoetry _942415 |
||
| 942 |
_cHIN _k891.433 _2ddc |
||
| 999 |
_c26470 _d26470 |
||